000 01146nam a22002777a 4500
003 dpl
005 20180710173433.0
008 180710b xxu||||| |||| 00| 0 eng d
010 _aB-075410
020 _c150.00
035 _aB-075410, B-075414
037 _bCen Lib/Ret
040 _aDPL
_bHN
_c0
082 _a158.1
_bरामला
100 _aरामलाल विवेक
_979356
245 _aसमृद्ध-जीवन /
_cरामलाल विवेक
246 _aSamradh jeevan /
_bby Ramlal Vivek
260 _aजयपुर
_bगौरव प्रकाशन
_c2002
270 _a1587, संघी का रास्ता, एस.एम.एस. हाईवे
_bजयपुर
_e302003
300 _a128पृ.
_c21सेमी (सजिल्द)
650 _aसमृद्ध जीवन--उन्नति और सफलता
_979357
650 _aसकारात्मक सोच--विचार
_979358
650 _aRich life - Growth and Success
_979359
650 _aPositive thinking--Idea
_979360
942 _2ddc
_cHN
_h158.1
_mरामला
999 _c118303
_d118303